00579nam a2200145 a 450000100100000000500170001000800410002704000250006810000460009324500870013926000500022630000350027695201050031199900170041600003788220201002031130.0130307s2003 dr ac 000 0 spa d aDO-SdBNPbspacBNPHU1 aEnrique de la Rosa, José Enrique96432610aPeña lider infinito :bloas, poemas y pensamientos /cJosé Enrique de la Rosa. aSanto Domingo :bImpresora Valenzuela,c2003. a61 p. :bil., retrs. ;c22 cm. 0010718PDaPDbPDcCTd2013-03-07iLF1l0o p37882-10r2020-06-25w2020-06-25yLFPDZNo se presta c37372d37372